000 00687nam a2200217 i 4500
001 137247
003 ES-MaACL
005 20230906195334.0
007 t|
008 070214s1946 ag a |||| | spa d
100 1 _aSamhaber, Ernst.
_9102173
245 1 0 _aSudamérica
_b: biografía de un continente /
_cErnst Samhaber ; traducción de Ramón de la Serna.
260 _aBuenos Aires :
_bEditorial Sudamericana,
_c1946.
300 _a785 p. :
_bil. ;
_c22 cm.
490 1 _aHistoria
651 _aAmérica del Sur-
_xHistoria.
_9137033
700 1 _aSerna y Espina, Ramón de la.
_9105587
830 0 _aHistoria
_9177536
852 _aES-MaACL
_jB-2242
999 _c137247
_d137247